[Event "USA-ch Seniors 2020"]
[Site "Saint Louis"]
[Date "2020.10.17"]
[Round "3.2"]
[White "Benjamin, Joel"]
[Black "Kaidanov, Gregory"]
[Result "1/2-1/2"]
[WhiteElo "2506"]
[BlackElo "2549"]
[Annotator "TA"]
[PlyCount "98"]
[EventDate "2020.10.17"]
[EventType "tourn"]
[EventCountry "USA"]
[SourceTitle "playchess.com"]
[Source "ChessBase"]
[SourceQuality "1"]

{[%evp 29,98,26,10,21,20,17,9,0,0,0,28,32,25,28,31,17,25,15,14,9,68,35,33,44,43,43,37,43,39,35,61,24,23,30,33,37,37,25,27,36,29,28,31,0,0,0,0,0,0,0,0,0,0,0,0,0,0,0,0,0,0,0,0,0,0,0,0,0,0,0,0]} 1. e4 e5 2. Nf3 Nc6 3. Bb5 a6 4. Ba4 Nf6 5. O-O Nxe4 6. d4 b5 7. Bb3 d5 8. dxe5 Be6 9. Qe2 Be7 10. Rd1 O-O 11. c4 bxc4 12. Bxc4 Bc5 13. Be3 Bxe3 14. Qxe3 Qb8 15. Bb3 Qb6 16. Qxb6 {C81: Open Ruy Lopez: Keres Variation (9 Qe2).} cxb6 17. Na3 {[%cal Bb1a3,Ba3c2,Bc2b4,Bb4c6][%mdl 32]} Rfd8 18. Nc2 Na5 19. Nb4 {[%cal Rb3d5]} Nxb3 20. axb3 a5 21. Nc6 Re8 {[#]} 22. Nfd4 $146 ({Predecessor:} 22. b4 Bd7 23. Rac1 Rac8 24. b5 Nc5 25. Nfd4 g6 26. b4 axb4 27. Nxb4 Rxe5 28. f4 {1-0 (38) Kriebel,T (2519)-Simacek,P (2481) Marianske Lazne 2019}) 22... Bd7 23. f3 Nc5 24. b4 axb4 (24... Ne6 $11) 25. Nxb4 Rxa1 26. Rxa1 Rxe5 27. Ra8+ Re8 28. Rxe8+ Bxe8 29. Nxd5 $14 {[%mdl 4096] Endgame KBN-KNN} Nd7 30. Nf5 f6 31. Nfe7+ Kf8 32. Nc8 b5 33. Nd6 Bf7 34. Nxf7 Kxf7 $11 {KN-KN} 35. Kf2 Ne5 36. b3 Nd3+ {The position is equal.} 37. Ke3 Nc5 38. b4 Na6 $1 39. Kd4 Ke6 40. g4 Kd6 41. Ke4 Nb8 42. Nc3 Nc6 43. Nxb5+ Kd7 44. Nd4 {[#] Hoping for Nxc6.} Nxb4 45. h4 Ke7 46. Nf5+ Kf7 47. Nd4 Ke7 48. Nf5+ Kf7 49. Nd4 Ke7 {Av CentiPawn Loss W=-3/B=-2. Weighted=-4/-3} 1/2-1/2

[Event "USA-ch Seniors 2020"]
[Site "Saint Louis"]
[Date "2020.10.17"]
[Round "3.3"]
[White "Yermolinsky, Alex"]
[Black "Goldin, Alexander"]
[Result "1/2-1/2"]
[WhiteElo "2486"]
[BlackElo "2542"]
[Annotator "TA"]
[PlyCount "73"]
[EventDate "2020.10.17"]
[EventType "tourn"]
[EventCountry "USA"]
[SourceTitle "playchess.com"]
[Source "ChessBase"]
[SourceQuality "1"]

{[%evp 11,73,12,29,11,12,14,14,0,35,18,39,49,43,27,64,70,85,85,89,87,91,62,86,85,81,80,114,111,134,129,131,90,94,41,37,36,51,46,66,66,89,77,159,153,135,9,6,8,5,0,0,0,0,-2,0,-2,-2,-2,-2,-8,-8,-8,-8,-9]} 1. d4 {Atalik,S} d5 2. c4 e6 3. Nc3 Nf6 4. Nf3 Be7 5. Bf4 O-O 6. e3 b6 7. Qa4 {[#] D37: Queen's Gambit Declined: 5 Bf4.} Bb7 $146 ({Predecessor:} 7... dxc4 8. Qxc4 Na6 9. Rd1 Bb7 10. Be2 Qc8 11. O-O c5 12. Rc1 cxd4 13. Qxd4 Qc5 14. Nb5 Qxd4 15. Nfxd4 {1-0 (50) Atalik,S (2525)-Sahil,T (2229) Nis 2017 CBM 180 [Atalik,S]}) 8. Rd1 a6 9. cxd5 exd5 10. Ne5 c5 11. dxc5 Bxc5 12. Be2 Qe7 13. O-O Rd8 14. Bf3 Bb4 15. Qb3 {[%cal Rc3d5]} Bxc3 16. bxc3 b5 17. e4 {[%cal Re4d5]} Nbd7 18. Nxd7 Rxd7 19. exd5 Qc5 {[%cal Rb7d5]} 20. Be3 Qd6 21. Rd4 Qe5 {[%cal Rb7d5]} 22. d6 (22. Rfd1 $16) 22... Bxf3 $14 23. gxf3 Qf5 24. Bf4 Nh5 25. Bg3 $1 Qxf3 {[#]} 26. Re1 $1 {[%cal Re1e7]} Qc6 (26... Kf8 $142) 27. Re7 $16 {White wants to mate with Qxf7+.} Rf8 {[#]} 28. Qd5 (28. Be5 $1 $16) 28... Qxd5 $11 {The position is equal.} 29. Rxd5 Nf6 $132 {[%mdl 2048] Threatening ...Rxe7. Black is fighting back} 30. Rc5 Rxe7 31. dxe7 {[%mdl 4096] Endgame KRB-KRN} Re8 32. Bd6 Ne4 33. Rc6 {Strongly threatening Bb4.} Nxd6 34. Rxd6 {Hoping for Rd8!} f6 35. Rxa6 Rxe7 36. a4 bxa4 37. Rxa4 {Av CentiPawn Loss W=-11/B=-10. Weighted=-14/-11} 1/2-1/2

[Event "USA-ch Seniors 2020"]
[Site "Saint Louis"]
[Date "2020.10.17"]
[Round "3.4"]
[White "Novikov, Igor"]
[Black "Shabalov, Alexander"]
[Result "1-0"]
[WhiteElo "2554"]
[BlackElo "2528"]
[Annotator "TA"]
[PlyCount "51"]
[EventDate "2020.10.17"]
[EventType "tourn"]
[EventCountry "USA"]
[SourceTitle "playchess.com"]
[Source "ChessBase"]
[SourceQuality "1"]

{[%evp 12,51,30,20,29,29,37,0,0,0,0,0,0,0,0,0,0,0,0,0,0,-12,56,41,41,6,37,29,499,482,634,628,666,660,655,651,702,697,678,682,702,700]} 1. d4 Nf6 2. c4 g6 3. Nc3 Bg7 4. e4 d6 5. Nge2 a6 6. f3 O-O 7. Be3 Nbd7 {E81: King's Indian: Sämisch: 6th move deviations (including 6 Be3 c6).} 8. Qd2 b5 9. cxb5 axb5 {The position is equal.} 10. Nxb5 c6 11. Nbc3 e5 12. Rd1 $5 {[%mdl 4] An interesting side line.} d5 13. exd5 Nxd5 14. Nxd5 cxd5 15. Nc3 $36 {[%mdl 2048] White is more active.} Re8 {[#] Strongly threatening ...exd4.} 16. Kf2 {[#]} exd4 $146 (16... e4 $1 $11) ({Predecessor:} 16... e4 17. Be2 Qh4+ 18. Kg1 Qd8 19. Kf2 Qh4+ 20. Kg1 Qd8 21. Bg5 Nf6 22. Kf2 h6 23. Bxh6 Bxh6 24. Qxh6 {½-½ (68) Walczak,P (2489)-Sandstroem,L (2436) ICCF email 2016}) 17. Bxd4 $14 Ne5 $1 18. Bb5 Bd7 19. Bxd7 Nc4 $2 {[%mdl 8192] Loses the game.} (19... Qxd7 $11 20. b3 Qf5) 20. Qf4 $18 {White is clearly winning.} g5 21. Qc1 Qxd7 22. Bxg7 Kxg7 23. Qxg5+ {[%mdl 64] [#] Double Attack} Kf8 24. Qh6+ Kg8 {and if ...Qa7+ works, Black does fine.} 25. Nxd5 {White threatens Nf6+! and mate.} Qa7+ 26. Kg3 {Av CentiPawn Loss W=-11/B=-38. Weighted=-10/-89} 1-0

[Event "USA-ch Seniors 2020"]
[Site "Saint Louis"]
[Date "2020.10.17"]
[Round "3.5"]
[White "Christiansen, Larry"]
[Black "Getz, Shelby"]
[Result "1/2-1/2"]
[WhiteElo "2567"]
[BlackElo "2298"]
[Annotator "TA"]
[PlyCount "94"]
[EventDate "2020.10.17"]
[EventType "tourn"]
[EventCountry "USA"]
[SourceTitle "playchess.com"]
[Source "ChessBase"]
[SourceQuality "1"]

{[%evp 13,94,15,31,21,18,21,37,31,43,35,54,4,0,-12,-7,-24,0,0,0,-11,-1,-4,-8,-7,0,-12,0,0,20,0,10,7,11,0,0,0,0,0,4,0,4,0,0,0,0,0,22,20,29,0,20,0,0,0,0,0,0,0,1198,0,0,0,0,0,0,0,0,0,0,0,0,0,0,0,0,0,0,0,0,0,0,0,0]} 1. c4 Nc6 2. Nc3 e5 3. Nf3 Nf6 4. g3 Bc5 5. Bg2 d6 6. O-O O-O 7. e3 a6 8. h3 {A29: English Opening: Four Knights Variation with 4 g3.} h6 9. d4 Ba7 10. b3 {White is slightly better.} Bf5 11. Bb2 Re8 12. a3 exd4 {[#]} 13. Nxd4 $146 ({Predecessor:} 13. exd4 Qd7 14. Kh2 Re7 15. Nd5 Nxd5 16. cxd5 Na5 17. Rc1 Qb5 18. Re1 Rae8 19. Rxe7 Rxe7 {0-1 (30) Brozel,S (1933)-Gaudeau,V (2080) Hampstead 2015}) 13... Nxd4 14. exd4 c6 15. d5 Qd7 16. Kh2 Ne4 17. dxc6 bxc6 18. Nxe4 Bxe4 19. Qd2 Bxg2 (19... Rab8 {is interesting.} 20. b4 c5 21. Bxe4 Rxe4 22. Rac1 Qf5) 20. Kxg2 Re6 (20... d5 {with more complications.} 21. cxd5 cxd5 22. Bd4 Rad8 23. Rae1 Re4) 21. Bd4 (21. Qc3 {is more complex.} f6 22. Rae1 Rb8 23. Qd3 a5 24. Bc1) 21... Rae8 22. Bxa7 Qxa7 23. Qd3 a5 24. b4 axb4 25. axb4 Qb6 26. Rab1 g6 27. h4 h5 28. Qf3 Re4 29. Rfc1 Qc7 30. b5 Qb6 31. Rc2 Qc5 32. bxc6 Qxc6 33. Rb5 Qc7 34. Rb4 Qc5 35. Rb7 R4e7 $2 {[%mdl 8192] [#]} (35... R8e7 $11) 36. Rb5 $2 ({Only move:} 36. Re2 $1 $18 {[%cal Re2e7][%mdl 512]} d5 (36... Rxe2 37. Qxf7+) 37. Qf6 Qxf2+ 38. Rxf2 Rxb7 39. Qc6) 36... Qc7 $11 {The position is equal.} 37. Rd5 Re5 38. Rc1 Rxd5 39. Qxd5 {[%mdl 4096] Endgame KQR-KQR} Re5 40. Qa8+ Kg7 41. Qa1 {Hoping for f4.} Kh7 42. Qd4 Qc6+ 43. Kg1 Rc5 44. Qf6 Rf5 45. Qd4 Rc5 46. Qf6 Rf5 47. Qd4 Rc5 {Av CentiPawn Loss W=-30/B=-29. Weighted=-56/-31} 1/2-1/2

[Event "USA-ch Seniors 2020"]
[Site "Saint Louis"]
[Date "2020.10.18"]
[Round "4.1"]
[White "Wolff, Patrick"]
[Black "Getz, Shelby"]
[Result "0-1"]
[WhiteElo "2552"]
[BlackElo "2298"]
[Annotator "TA"]
[PlyCount "24"]
[EventDate "2020.10.17"]
[EventType "tourn"]
[EventCountry "USA"]
[SourceTitle "playchess.com"]
[Source "ChessBase"]
[SourceQuality "1"]

{[%evp 11,24,64,54,30,45,27,22,34,26,-10,3,-157,-148,-664,-659]} 1. e4 d5 2. exd5 Qxd5 3. Nc3 Qd6 4. d4 Nf6 5. Nf3 a6 6. g3 Bg4 7. Bg2 {B01: Scandinavian Defence.} Nc6 8. Bf4 Qb4 9. O-O {Hoping for a3.} O-O-O {[%cal Rc6d4]} 10. d5 {[#] Strongly threatening a3.} e6 11. dxc6 $2 (11. a3 $11 Qxb2 12. Qe1 Nxd5 13. Nxd5 exd5 14. c4) 11... Rxd1 $17 {[#]} 12. cxb7+ $146 {[%mdl 8192]} (12. Nxd1 $17 Bxf3 13. Bxf3) ({Predecessor:} 12. Rfxd1 bxc6 13. Rab1 Bd6 14. Rd4 Qb6 15. Na4 Qa7 16. Be3 Qb8 17. Rc4 Qb5 18. Nd2 {½-½ (52) Taysayev,T (2225)-Ozgibcev,A (2368) Sochi 2018}) 12... Qxb7 {White got outplayed after the opening} 0-1

[Event "USA-ch Seniors 2020"]
[Site "Saint Louis"]
[Date "2020.10.18"]
[Round "4.2"]
[White "Alexander Shabalov"]
[Black "Christiansen, Larry"]
[Result "1-0"]
[WhiteElo "2577"]
[BlackElo "2567"]
[Annotator "TA"]
[PlyCount "71"]
[EventDate "2020.10.17"]
[EventType "tourn"]
[EventCountry "USA"]
[SourceTitle "playchess.com"]
[Source "ChessBase"]
[SourceQuality "1"]

{[%evp 13,71,33,37,41,37,31,31,25,33,-18,10,5,0,0,1,10,4,10,29,0,18,16,27,12,18,27,42,52,83,95,82,87,97,26,178,146,176,191,381,367,370,347,406,405,370,347,318,285,447,408,406,344,1078,1056,1025,976,995,740,29984,29985]} 1. e4 e5 2. Nf3 d6 3. d4 exd4 4. Qxd4 Nc6 5. Bb5 Bd7 6. Bxc6 Bxc6 7. Nc3 Nf6 8. Bf4 {C62: Ruy Lopez: Steinitz Defence.} Be7 9. O-O-O O-O 10. Rhe1 {White is slightly better.} Re8 11. h3 (11. Qc4 $14) 11... Nd7 {[#]} 12. Qc4 $146 ({Predecessor:} 12. Qe3 Bf6 13. Nd4 g6 14. Kb1 Qe7 15. f3 a5 16. Ncb5 Ne5 17. Qc1 Nc4 18. Nc3 {0-1 (47) Manilyk,A (2143)-Vaintraub,A Kiev 2004}) 12... Bf6 13. Nd4 Bxd4 14. Qxd4 a5 15. f3 b5 16. Nd5 Ne5 17. Kb1 Bxd5 18. Qxd5 Rb8 19. Bc1 Nd7 20. b3 Re5 21. Qd2 b4 22. Bb2 Re6 {[#]} 23. Qd4 (23. e5 $1 $16 {[%mdl 512]}) 23... Rg6 $2 {Loses the game.} (23... Qf8 $1 $11) 24. e5 Nc5 25. f4 h5 $2 (25... Qf8 {might work better.} 26. f5 dxe5) 26. f5 Rg3 27. f6 Ne6 28. Qf2 Rg6 29. exd6 cxd6 30. fxg7 Rc8 (30... Qb6 {was worth a try.} 31. Qf3 Qb7 32. Qxh5 Nxg7 33. Qxa5 (33. Qh4 Qxg2 34. Bxg7 Rxg7 $18) 33... Qxg2) 31. Rf1 Qc7 32. Rxd6 {And now Rc6! would win.} Rxg2 $2 (32... Nxg7 33. Rf6 Qg3 34. Rxf7 Qxf2 35. R1xf2 Ra8 36. Bxg7 Rxg7) 33. Qxg2 $18 {Intending Rxe6! and mate.} Qxd6 {[#]} 34. Qf3 $1 Qc7 35. Qxh5 {[%csl Gb2,Gg7][%cal Rh5h8]} Qxc2+ {[#]} 36. Ka1 $1 {Av CentiPawn Loss W=-23/B=-88. Weighted=-15/-123} 1-0

[Event "USA-ch Seniors 2020"]
[Site "Saint Louis"]
[Date "2020.10.18"]
[Round "4.3"]
[White "Goldin, Alexander"]
[Black "Novikov, Igor"]
[Result "1/2-1/2"]
[WhiteElo "2542"]
[BlackElo "2554"]
[Annotator "TA"]
[PlyCount "62"]
[EventDate "2020.10.17"]
[EventType "tourn"]
[EventCountry "USA"]
[SourceTitle "playchess.com"]
[Source "ChessBase"]
[SourceQuality "1"]

{[%evp 20,62,27,42,39,40,37,32,45,40,64,29,47,48,42,31,37,33,27,35,41,29,23,26,29,27,25,8,8,9,22,0,0,0,0,0,0,0,0,0,0,0,0,0,0]} 1. Nf3 d5 2. d4 Nf6 3. c4 e6 4. e3 c5 5. cxd5 exd5 6. Bb5+ Bd7 7. Bxd7+ Nbxd7 8. dxc5 Nxc5 9. O-O Be7 10. Nc3 {[%cal Bb1c3,Bc3e2,Be2f4][%mdl 32]} O-O 11. b3 Rc8 {is the legacy move (11...Qd7). D30: Queen's Gambit Declined: Systems without Nc3.} 12. Bb2 Qd7 $5 {[%mdl 4] An interesting side line.} 13. Ne2 Rfd8 {White is slightly better.} 14. Rc1 {[#]} a6 $146 ({Predecessor:} 14... Nce4 15. h3 Rxc1 16. Qxc1 Rc8 17. Qb1 Ne8 18. Rd1 Bf6 19. Qxe4 dxe4 20. Rxd7 exf3 {1-0 (32) Roiz,M (2658)-Feygin,M (2546) Germany 2009}) 15. h3 Nfe4 16. Nf4 Bf6 17. Bxf6 Nxf6 18. Qd4 Ne6 19. Nxe6 Qxe6 20. Ne5 Rxc1 21. Rxc1 Rc8 22. Rxc8+ Qxc8 23. Ng4 Nxg4 {The position is equal.} 24. hxg4 $11 {[%mdl 4096] Endgame KQ-KQ} Qc6 25. g3 h6 26. Kg2 f6 27. a4 a5 28. Kg1 Qc1+ 29. Kg2 Qc6 30. Kg1 Qc1+ 31. Kg2 Qc6 {Av CentiPawn Loss W=-4/B=-2. Weighted=-5/-2} 1/2-1/2

[Event "USA-ch Seniors 2020"]
[Site "Saint Louis"]
[Date "2020.10.18"]
[Round "4.4"]
[White "Kaidanov, Gregory"]
[Black "Yermolinsky, Alex"]
[Result "0-1"]
[WhiteElo "2549"]
[BlackElo "2486"]
[Annotator "TA"]
[PlyCount "112"]
[EventDate "2020.10.17"]
[EventType "tourn"]
[EventCountry "USA"]
[SourceTitle "playchess.com"]
[Source "ChessBase"]
[SourceQuality "1"]

{[%evp 15,112,0,35,17,27,-4,6,0,0,0,2,0,22,-41,-43,-44,-41,-41,0,0,0,0,0,0,0,0,0,0,0,0,0,0,0,0,0,-8,-10,-35,-29,-34,-22,-56,-43,-101,-101,-101,-101,-101,-101,-101,-94,-201,-94,-94,-94,-94,-94,-94,-87,-79,-19,-19,-19,-19,0,-132,-132,-132,-114,-114,-114,-224,-147,-228,-227,-391,-158,-171,-168,-190,-198,-195,-179,-175,-171,-179,-178,-562,-153,-705,-100,-98,-17,-1026,-738,-992,-964,-29983,-29984]} 1. Nf3 c5 2. e3 Nf6 3. d4 e6 4. Bd3 d5 5. O-O Nc6 6. b3 Bd6 7. Bb2 O-O 8. Nbd2 Qe7 9. dxc5 {D05: Colle System with ...e6.} Bxc5 10. e4 Rd8 {[#]} 11. e5 $146 {The position is equal.} ({Predecessor:} 11. Qe2 Ba3 12. Bxa3 Qxa3 13. e5 Nd7 14. Rfe1 Nf8 15. c4 Nb4 16. cxd5 Nxd3 17. Qxd3 Rxd5 {1-0 (89) Vidit,S (2715)-Dobrov,V (2515) Riadh 2017}) 11... Nd7 12. a3 a5 13. Qe2 Nf8 14. c4 (14. Rfe1 $11) 14... b6 15. Rfe1 Ba6 16. g3 dxc4 17. Nxc4 Bxc4 18. Bxc4 Nd4 19. Nxd4 Bxd4 20. Rad1 Bxb2 21. Qxb2 Rxd1 22. Rxd1 Rd8 23. Rxd8 Qxd8 24. b4 Ng6 25. bxa5 bxa5 26. Be2 Qc7 27. f4 Ne7 28. Bd3 g6 29. Be4 {[#]} (29. Kg2 $1 $15) 29... Qc5+ $1 $17 30. Kg2 Qe3 31. Bf3 Kg7 32. a4 h5 33. Qf2 (33. Qc2 $17) 33... Qc3 (33... Qb3 $19 34. Qd4 Nf5) 34. Be4 Qb4 35. Qc2 Qd4 36. Kh3 Qe3 37. Kg2 h4 (37... Qe1 $17) 38. Kh3 hxg3 39. hxg3 g5 40. fxg5 (40. Kg4 $1 $11 {was the only way to keep the balance.}) 40... Qxg5 41. Qb2 Qe3 42. Qb7 Ng8 43. Bg2 (43. Bf3 $17) 43... Qxe5 {[%cal Re5h5]} 44. Qb5 (44. Bf3 $17) 44... Kf6 $19 45. Qf1+ $2 (45. Qc4 {was called for.}) 45... Ke7 (45... Qf5+ $19 46. Kh4 Ne7 47. Qxf5+ Kxf5) 46. Bf3 Nh6 47. Kg2 Nf5 {White must now prevent ...Ne3+.} 48. Qf2 Ne3+ 49. Kg1 f5 50. Kh2 Kf6 51. Qa2 $2 (51. Kh1) 51... Kg5 $2 (51... f4 $19 {has better winning chances.} 52. g4 Kg5) 52. Qb3 $2 (52. Qd2 $17) 52... Ng4+ $2 (52... f4 $19 {and Black stays clearly on top.} 53. g4 Qh8+ 54. Kg1 Qd4 55. Qb5+ e5) 53. Bxg4 $17 Kxg4 ({Black should play} 53... fxg4 $17 54. Qd1 Qb2+ 55. Kg1 Qb4) 54. Qd3 $2 {[%mdl 8192]} (54. Qd1+ $11 Kg5 55. Qd8+ Kh5 56. Qh4+ Kg6 57. Qe7) 54... Qb2+ $19 55. Kg1 e5 56. Qe3 {[#]} Qd4 $1 {Av CentiPawn Loss W=-84/B=-43. Weighted=-123/-56} 0-1

[Event "USA-ch Seniors 2020"]
[Site "Saint Louis"]
[Date "2020.10.18"]
[Round "4.5"]
[White "Gurevich, Dmitry"]
[Black "Benjamin, Joel"]
[Result "1-0"]
[WhiteElo "2399"]
[BlackElo "2506"]
[Annotator "TA"]
[PlyCount "87"]
[EventDate "2020.10.17"]
[EventType "tourn"]
[EventCountry "USA"]
[SourceTitle "playchess.com"]
[Source "ChessBase"]
[SourceQuality "1"]

{[%evp 12,87,8,-5,13,12,23,25,31,0,0,6,25,9,13,11,20,29,17,17,27,15,17,22,83,15,47,-24,6,0,0,0,0,0,0,0,0,0,0,0,0,0,0,0,0,0,4,0,0,0,0,0,0,0,0,0,0,-58,454,454,453,451,748,718,765,751,840,698,680,506,1761,1534,1445,1328,29965,29966,29967,29969]} 1. Nf3 Nf6 2. g3 d5 3. Bg2 c6 4. O-O Bg4 5. c4 e6 6. d3 Nbd7 7. Be3 Bxf3 {A11: English Opening: 1...c6.} 8. exf3 dxc4 9. dxc4 Bc5 {[#] White has an edge.} 10. Qe2 $146 ({Predecessor:} 10. Bd2 O-O 11. Nc3 e5 12. Qc2 Re8 13. Rad1 Qe7 14. f4 Rad8 15. Rde1 Qd6 16. Bc1 {1-0 (63) Romanishin,O (2570)-Vasiukov,E (2510) Moscow 1987}) 10... O-O 11. Nc3 Qe7 12. f4 Bxe3 13. Qxe3 Qc5 14. Qxc5 Nxc5 15. b4 Nd3 16. Rab1 {[#] aiming for Rfd1.} Rad8 17. Rfd1 {And now Bf1 would win.} Rd4 (17... Rd7 $11) 18. Rd2 (18. b5 $16 c5 19. Bxb7) 18... Rfd8 19. Rbd1 (19. b5 $1 $14) 19... R4d7 20. b5 (20. Ne4 {is more complex.} Nxe4 21. Bxe4 Nc5 22. Rxd7 Rxd7 23. Rxd7 Nxd7 24. Kf1) 20... cxb5 21. cxb5 Nc5 22. Rxd7 Rxd7 23. Rxd7 Nfxd7 $11 {[%mdl 4096] Endgame KBN-KNN} 24. Kf1 Kf8 25. Ke2 Ke7 26. Ke3 Kd6 27. Kd4 Nf6 28. h3 Ne8 29. Bf3 Nc7 30. h4 h6 31. h5 f6 32. Bg2 b6 33. Bc6 a6 34. a4 ({White should try} 34. f3 $11) 34... Nxa4 $2 {[%mdl 8192] Black cannot hold the game after this.} (34... Nb3+ $1 $15 {keeps the upper hand.} 35. Kd3 Kc5) 35. Ne4+ $18 ({Worse is} 35. Nxa4 axb5 36. Bxb5 Nxb5+ 37. Kc4 Kc6 $17) 35... Ke7 36. bxa6 b5 (36... Nc5 $142 37. a7 (37. Nxc5 bxc5+ 38. Kxc5 Nxa6+ 39. Kd4 Kd6 $11) 37... Nxe4) 37. a7 Nb6 {[#]} 38. Kc5 $1 {[%mdl 512]} Na4+ 39. Kb4 Nb6 40. Nc3 Kd6 (40... Nc8 $142 41. a8=R Nxa8 42. Bxa8 Nb6) 41. Bb7 Kd7 42. Nxb5 Nca8 43. Bxa8 Nxa8 44. Kc5 {Av CentiPawn Loss W=-25/B=-84. Weighted=-27/-88} 1-0

[Event "USA-ch Seniors 2020"]
[Site "Saint Louis"]
[Date "2020.10.18"]
[Round "5"]
[White "Getz, Shelby"]
[Black "Alexander Shabalov"]
[Result "1/2-1/2"]
[WhiteElo "2298"]
[BlackElo "2577"]
[Annotator "TA"]
[PlyCount "107"]
[EventDate "2020.10.17"]
[EventType "tourn"]
[EventCountry "USA"]
[SourceTitle "playchess.com"]
[Source "ChessBase"]
[SourceQuality "1"]

{[%evp 9,107,22,64,50,72,60,100,66,70,59,116,92,120,164,179,143,139,106,75,60,58,36,47,43,44,7,4,0,4,-37,-36,-45,-22,-43,-39,-43,-23,-25,-20,-23,-26,-24,0,-76,-72,-64,-63,-82,-6,-4,0,-24,6,-126,-120,-125,-127,-106,19,27,89,-29,132,125,156,180,173,168,171,129,334,322,527,491,614,580,557,142,229,8,8,0,0,-8,-8,-8,-8,-8,-8,-8,-8,-8,0,0,0,-8,0,0,0,-8]} 1. a3 f5 2. d4 Nf6 3. Nc3 d6 4. Bg5 {[#]} Nbd7 $146 ({Predecessor:} 4... g6 5. Qd2 Nc6 6. h4 Bg7 7. O-O-O Ng4 8. e3 h6 9. Bf4 d5 10. f3 Nf6 {1-0 (32) Taranenko,E-Zaichuk,V (2017) Odessa 2010}) 5. f3 c5 6. e3 {A00: Irregular Openings.} Qa5 7. Qd2 g6 8. Bc4 {White is better.} Bg7 9. Nge2 Nf8 (9... Nb6 $14 10. Ba2 c4) 10. O-O Ne6 11. Bh4 Bd7 12. Rad1 Rc8 {Black wants to play ...cxd4.} 13. Ba2 c4 14. Bxf6 exf6 15. d5 Ng5 16. Nd4 O-O 17. f4 Nf7 18. Ne6 Rfe8 19. Nxg7 Kxg7 20. Rfe1 b5 21. Qd4 Qc7 22. e4 Qc5 23. Qxc5 dxc5 24. exf5 Nd6 25. fxg6 hxg6 26. Bb1 (26. Rc1 $11 {keeps the balance.}) 26... a5 $17 27. h3 b4 28. axb4 axb4 ({Black should play} 28... cxb4 $17 29. Ne2 a4) 29. Ne2 $11 Ra8 30. Ng3 Nb5 31. Kf2 (31. Ne4 $11) 31... c3 $1 $17 {[%cal Rc3b2]} 32. Ne4 cxb2 {...Rac8 is the strong threat.} 33. Nxc5 {[#]} Nc3 (33... Ra7 $1 $17 {Strongly threatening ...Nc3.} 34. d6 Nc3) 34. Nxd7 $11 {Hoping for d6.} Kf7 (34... Ra1 $11 {remains equal.} 35. Nb6 (35. Rxe8 Nxd1+ 36. Kf3 Rxb1 $11) 35... Re2+ 36. Rxe2 Nxd1+ 37. Kg3 Rxb1) 35. Nc5 (35. Nb6 $16 Re2+ 36. Kf1 (36. Rxe2 Nxd1+ 37. Kg1 Nc3 $16) 36... Rxe1+ 37. Rxe1) 35... Ra1 $2 (35... Nxb1 $11 36. Rxb1 Rxe1 37. Rxb2 Rae8) 36. Nd3 $16 Rxe1 37. Rxe1 Rxb1 38. Rxb1 Nxb1 39. Nxb2 {[%mdl 4096] Endgame Black must now prevent Nd3. KN-KN} Nc3 $2 (39... Na3 $16 {was worth a try.}) 40. d6 $18 Ke6 $2 (40... Nb5 41. Nd3 Ke6 42. Nxb4 Kxd6) 41. Nc4 Nb5 {[#]} 42. f5+ $1 gxf5 {intending ...Na3.} (42... Kxf5 43. d7) 43. g3 $2 (43. Ke3 $18 {is more deadly.}) 43... Nd4 {[#]} (43... Na3 $16 44. Ne3 Kxd6) 44. Ne3 $2 ({Only move:} 44. h4 $1 $18) 44... Kxd6 $11 {The position is equal.} 45. Ke1 Ke5 46. Kd2 Ke4 47. h4 b3 48. cxb3 Nxb3+ 49. Ke2 f4 50. gxf4 Nc1+ 51. Kd2 Nb3+ 52. Ke2 Nc1+ 53. Kd2 Nb3+ 54. Ke2 {Blacks defense is rewarded with a draw. Av CentiPawn Loss W=-28/B=-28. Weighted=-30/-26} 1/2-1/2

[Event "USA-ch Seniors 2020"]
[Site "Saint Louis"]
[Date "2020.10.18"]
[Round "5.1"]
[White "Benjamin, Joel"]
[Black "Wolff, Patrick"]
[Result "1-0"]
[WhiteElo "2506"]
[BlackElo "2552"]
[Annotator "TA"]
[PlyCount "95"]
[EventDate "2020.10.17"]
[EventType "tourn"]
[EventCountry "USA"]
[SourceTitle "playchess.com"]
[Source "ChessBase"]
[SourceQuality "1"]

{[%evp 16,95,27,-4,29,19,33,9,20,22,27,21,24,16,25,20,21,8,11,10,13,13,18,12,22,14,14,14,14,8,26,26,26,26,26,26,26,26,26,26,26,26,26,26,26,26,26,26,26,26,26,26,26,26,26,26,30,26,59,26,26,26,26,26,26,26,26,8,8,8,479,447,485,459,1074,947,29971,29972,29972,29973,29979,29979]} 1. e4 c5 2. Nf3 d6 3. Bb5+ Bd7 4. Bxd7+ Nxd7 5. O-O Ngf6 6. d3 g6 7. Re1 Bg7 8. c3 O-O 9. d4 cxd4 {B50: Sicilian: 2...d6, Miscellaneous.} 10. cxd4 e5 11. dxe5 {[#]} Nxe5 $146 {The position is equal.} ({Predecessor:} 11... dxe5 12. Nc3 h6 13. Be3 Qe7 14. Qb3 b6 15. a4 Nc5 16. Qa3 Rfe8 17. Bxc5 bxc5 {0-1 (37) Ansell,S (2403)-Kovalevskaya,E (2471) West Bromwich 2004}) 12. Nxe5 dxe5 13. Nc3 (13. Qb3 {is interesting.} Qb6 14. Qxb6 axb6 15. Nc3 Rfc8 16. a3) 13... Qb6 14. Qe2 Rfc8 15. Bg5 Bf8 16. Bxf6 Qxf6 17. Nd5 Qe6 18. Rac1 Rxc1 19. Rxc1 Rc8 20. Rc4 Kg7 21. Qc2 Rxc4 22. Qxc4 Qc6 23. Qxc6 bxc6 $11 {[%mdl 4096] Endgame KB-KN} 24. Ne3 Kf6 25. Nc4 Ke6 26. Kf1 Bc5 27. Ke2 Bd4 28. f3 h5 29. b3 h4 30. h3 Bc5 31. Kd3 Bb4 32. a3 Bc5 33. b4 Be7 34. Na5 Kd6 35. Kc4 Bg5 36. Kb3 Kd7 37. Ka4 Be3 38. Nc4 Bd4 39. Ka5 Kc7 40. Ka6 f6 41. a4 {[%cal Ba3a4,Ba4b5,Bb5b6,Bb6a7][%mdl 32] b5 is the strong threat.} Bf2 42. b5 Bd4 $2 {[%mdl 8192] [#] This costs Black the game.} (42... cxb5 $1 $11 {and Black has nothing to worry.} 43. axb5 g5) 43. Na5 $1 $18 {[%cal Ra5c6]} cxb5 44. axb5 Kb8 (44... Kd6 $142 45. Nc6 Kc7 46. Nxa7 Bc5) 45. Nc6+ Ka8 {[#]} 46. Nxa7 $1 {[%mdl 576] Remove Defender. White mates.} Bxa7 47. b6 f5 48. bxa7 {Av CentiPawn Loss W=-8/B=-60. Weighted=-7/-34} 1-0